[Event "AUTO-ADV-4928"]
[Site "http://www.queenalice.com/game.php?id=1871497"]
[Date "2026.4.5"]
[Round "1"]
[White "rviana"]
[Black "Daniel1962"]
[Result "1-0"]
[WhiteElo "1956"]
[BlackElo "1736"]

1. Nf3 d5 2. d4 Bf5 3. e3 Nf6 4. Nc3 c6 5. Be2 Nbd7 6. O-O e6 7. Bd2 Bb4 8. a3
Bxc3 9. Bxc3 Ne4 10. Be1 Nb6 11. Nd2 Nc4 12. Nxe4 Bxe4 13. Bxc4 dxc4 14. Bb4 Qg5
15. g3 h5 16. f3 Qxe3+ 17. Kg2 Bd5 18. a4 g5 19. Ra3 Bxf3+ 20. Rxf3 Qe4 21. Re3
Qg6 22. d5 cxd5 23. Qxd5 Qxc2+ 24. Rf2 Qxa4 25. Qxb7 Rd8 26. Qe7# 1-0

[Event "AUTO-ADV-4928"]
[Site "http://www.queenalice.com/game.php?id=1871498"]
[Date "2026.4.5"]
[Round "1"]
[White "Daniel1962"]
[Black "rviana"]
[Result "0-1"]
[WhiteElo "1726"]
[BlackElo "1966"]

1. e4 c6 2. Bc4 g6 3. Qf3 e6 4. d4 Bg7 5. c3 Nf6 6. e5 Nd5 7. Bxd5 exd5 8. Ne2
O-O 9. Nd2 d6 10. exd6 Qxd6 11. Nb3 Be6 12. Nc5 b6 13. Nxe6 fxe6 14. Qd3 Nd7 15.
f3 e5 16. dxe5 Nxe5 17. Qe3 Nc4 18. Qd3 Qc5 19. b4 Qe7 20. O-O Rae8 21. Nd4 Qd7
22. a4 c5 23. bxc5 bxc5 24. Nb5 Ne5 25. Qd2 a6 26. Na3 Nc6 27. Rb1 d4 28. cxd4
cxd4 29. Nc4 Rf5 30. Rb6 a5 31. Ba3 Qc7 32. Rfb1 Rh5 33. Bd6 Qd7 34. Rb7 Qe6 35.
Qc2 Rd5 36. Bg3 Rc5 37. Re1 Qc8 38. Rxe8+ Qxe8 39. Qb3 Qe6 40. Nd6 Rc1+ 0-1

[Event "AUTO-ADV-4928"]
[Site "http://www.queenalice.com/game.php?id=1871511"]
[Date "2026.4.5"]
[Round "1"]
[White "Capixabba789"]
[Black "Daniel1962"]
[Result "1-0"]
[WhiteElo "1936"]
[BlackElo "1744"]

1. d4 d5 2. Nc3 c6 3. f4 Bf5 4. Nf3 Nf6 5. e3 e6 6. Be2 Bb4 7. O-O Bxc3 8. bxc3
Ne4 9. Bb2 Nd7 10. a4 Qb6 11. Rb1 Qd8 12. Ne5 Nxe5 13. fxe5 Qg5 14. Bf3 Bh3 15.
Qe2 O-O-O 16. Bxe4 dxe4 17. Ba3 Bg4 18. Qf2 Rd7 19. Bd6 h5 20. c4 h4 21. Qf4
Qxf4 22. exf4 f6 23. c5 Be2 24. Rfe1 Bc4 25. Rxe4 f5 26. Ree1 Bd5 27. a5 a6 28.
Rb6 g5 29. Reb1 gxf4 30. Rxa6 Rxd6 31. Ra8+ Kc7 32. Rxh8 Rd7 33. Rxh4 f3 34.
gxf3 Bxf3 35. Kf2 Bg4 36. Rg1 Rxd4 37. Ra1 Rd2+ 38. Ke3 Rxc2 39. a6 bxa6 40.
Rxa6 Rxc5 41. Rh7+ Kb8 42. Raa7 Rb5 43. Rag7 Ka8 44. Rc7 c5 45. Rh8+ Rb8 46.
Rxb8+ Kxb8 47. Rxc5 Kb7 48. Kf4 Kb6 49. Rc4 Kb5 50. Rd4 Kc5 51. Rd6 Bh5 52. Rxe6
Kd5 53. Rf6 Bg4 54. Rxf5 Bxf5 55. Kxf5 Kc6 56. h4 Kd7 57. Kf6 Ke8 58. h5 Kf8 59.
e6 1-0

[Event "AUTO-ADV-4928"]
[Site "http://www.queenalice.com/game.php?id=1871512"]
[Date "2026.4.5"]
[Round "1"]
[White "Daniel1962"]
[Black "Capixabba789"]
[Result "0-1"]
[WhiteElo "1754"]
[BlackElo "1902"]

1. c4 d5 2. cxd5 Qxd5 3. Nc3 Qd8 4. Nf3 Nf6 5. Qb3 e6 6. Ne5 Be7 7. e3 O-O 8.
Bd3 c6 9. O-O Nbd7 10. Nxd7 Qxd7 11. Ne4 b5 12. Qc2 a5 13. Nxf6+ Bxf6 14. Bxh7+
Kh8 15. Be4 Bb7 16. d4 Rac8 17. Qe2 g6 18. Bd2 a4 19. a3 Kg7 20. Rac1 Rh8 21.
Bc3 Qc7 22. f4 Rh6 23. d5 Bxc3 24. Rxc3 exd5 25. Bb1 Rch8 26. h3 c5 27. Qxb5 Ba8
28. Rxc5 Qd6 29. Rd1 Qe6 30. Kf2 d4 31. Re5 dxe3+ 32. Kxe3 Rxh3+ 33. gxh3 Qxh3+
34. Kd4 Rd8+ 35. Kc4 Rxd1 36. Bc2 Rd2 37. Qxa4 Qc8+ 38. Rc5 Qe6+ 39. Kc3 Qe3+
40. Kb4 Rd4+ 41. Rc4 Qd2+ 42. Kb5 Rd5+ 43. Rc5 Qe2+ 44. Kb6 Qe6+ 45. Rc6 Bxc6
46. Qxc6 Rd6 47. Ba4 Rxc6+ 48. Bxc6 Qb3+ 49. Bb5 Qxb2 50. a4 Qf2+ 51. Ka6 Qxf4
52. a5 Qb8 0-1

[Event "AUTO-ADV-4928"]
[Site "http://www.queenalice.com/game.php?id=1871521"]
[Date "2026.4.5"]
[Round "1"]
[White "Daniel1962"]
[Black "EduardoRo"]
[Result "1-0"]
[WhiteElo "1729"]
[BlackElo "1692"]

1. d4 d5 2. Bf4 Nf6 3. e3 e6 4. Bd3 Bb4+ 5. c3 Ba5 6. Qa4+ Nc6 7. Bb5 Qd7 8.
Bxc6 Qxc6 9. Qxa5 b6 10. Qb4 a5 11. Qb3 Ba6 12. Ne2 O-O 13. Qc2 Bxe2 14. Qxe2
Ne4 15. Nd2 Nxd2 16. Qxd2 f6 17. g4 f5 18. g5 Qd7 19. h4 c5 20. dxc5 bxc5 21. h5
c4 22. Be5 Qe7 23. h6 Qxg5 24. O-O-O g6 25. Qd4 a4 26. Bf4 Qg2 27. Qg7# 1-0

[Event "AUTO-ADV-4928"]
[Site "http://www.queenalice.com/game.php?id=1871522"]
[Date "2026.4.5"]
[Round "1"]
[White "EduardoRo"]
[Black "Daniel1962"]
[Result "1-0"]
[WhiteElo "1628"]
[BlackElo "1725"]

1. e4 e5 2. Nf3 d6 3. Bc4 h6 4. O-O Nf6 5. Nc3 Nc6 6. d3 Bg4 7. Be3 Bxf3 8. Qxf3
Nb4 9. Qe2 g5 10. a3 Nc6 11. Nd5 Nxd5 12. Bxd5 Qd7 13. Qf3 O-O-O 14. b4 Nd4 15.
Bxd4 exd4 16. Bxf7 Bg7 17. Bd5 c6 18. Bc4 d5 19. exd5 cxd5 20. Bb3 g4 21. Qg3 h5
22. a4 h4 23. Qf4 h3 24. g3 Rdf8 25. Qg5 Bf6 26. Qf4 Be7 27. Qxd4 Bf6 28. Qc5+
Kb8 29. Rab1 Be7 30. Qd4 Qf5 31. Bxd5 Rd8 32. Be4 Qc8 33. Qe5+ Bd6 34. Qb5 Rhf8
35. a5 a6 36. Qg5 Rg8 37. Qf6 Qc7 38. c4 Be5 39. Qf5 Bd4 40. Bd5 Rgf8 41. Qxg4
Rh8 42. Qxd4 Qd7 43. Qe5+ Ka8 44. f4 Qh7 45. Rf3 Rde8 46. Qd6 Re2 47. Qxa6+ Kb8
48. Qd6+ Kc8 49. b5 Rg2+ 50. Kh1 Qd7 51. Qb6 Ra2 52. Be6 Re8 53. Bxd7+ Kxd7 54.
Qxb7+ Ke6 55. Re3+ 1-0

[Event "AUTO-ADV-4931"]
[Site "http://www.queenalice.com/game.php?id=1872117"]
[Date "2026.4.17"]
[Round "1"]
[White "maurice916"]
[Black "Daniel1962"]
[Result "1-0"]
[WhiteElo "1902"]
[BlackElo "1755"]

1. Nf3 d5 2. b3 Nc6 3. Bb2 e5 4. Nxe5 Nxe5 5. Bxe5 Nf6 6. e3 Bd6 7. Bxd6 Qxd6 8.
c3 Bf5 9. d4 c6 10. Nd2 h6 11. Nf3 Ne4 12. Bd3 Qg6 13. Nh4 Qf6 14. Nxf5 Qxf5 15.
O-O g5 16. f3 Nxc3 17. Bxf5 h5 18. Qc2 Nb5 19. a4 Nd6 20. Bd3 h4 21. e4 dxe4 22.
fxe4 Rf8 23. e5 Nc8 24. Rf5 Rg8 25. Bc4 Rg7 26. Raf1 g4 27. Bxf7+ Ke7 28. Bh5 g3
29. h3 Nb6 30. Rf7+ Rxf7 31. Rxf7+ Ke6 32. Rxb7 Kd5 33. Qc5+ Ke4 34. Bf3+ Ke3
35. Qc3+ Kf4 36. Qd2+ Kf5 37. Bxc6 Rc8 38. Qd3+ Ke6 39. d5+ Kxe5 40. Qe3+ Kd6
41. b4 Nxd5 42. Qc5+ Ke6 43. Qxd5+ Kf6 44. Rf7+ 1-0

[Event "AUTO-ADV-4931"]
[Site "http://www.queenalice.com/game.php?id=1872118"]
[Date "2026.4.17"]
[Round "1"]
[White "Daniel1962"]
[Black "maurice916"]
[Result "0-1"]
[WhiteElo "1733"]
[BlackElo "1899"]

1. e4 c6 2. f4 d5 3. exd5 cxd5 4. d4 Nf6 5. Nf3 Bg4 6. Be2 e6 7. Nc3 Bb4 8. Bd2
Nc6 9. Ne5 Bxe2 10. Qxe2 Nxd4 11. Qd3 Nc6 12. Nxc6 bxc6 13. a3 Bd6 14. Qa6 Qc7
15. O-O O-O 16. b4 Rfd8 17. Ne2 Rdb8 18. Nd4 c5 19. Qe2 cxd4 20. Qd3 Ne4 21.
Qxd4 Nxd2 22. Qxd2 Rc8 23. Rfc1 Bxf4 24. Qf2 Bxc1 25. Rxc1 Qb6 26. c3 Qxf2+ 27.
Kxf2 Rc4 28. Kf3 Rac8 29. b5 Rxc3+ 30. Rxc3 Rxc3+ 31. Kf4 Rxa3 32. g4 Rb3 33. h4
Rxb5 34. g5 a5 35. h5 a4 36. g6 a3 0-1

[Event "AUTO-ADV-4931"]
[Site "http://www.queenalice.com/game.php?id=1872135"]
[Date "2026.4.17"]
[Round "1"]
[White "Daniel1962"]
[Black "Capixabba789"]
[Result "1/2-1/2"]
[WhiteElo "1724"]
[BlackElo "1935"]

1. Nc3 d5 2. e3 e5 3. d4 e4 4. Bd2 Bd6 5. Nxd5 Nf6 6. Bc4 Nxd5 7. Bxd5 Qe7 8. c3
c6 9. Bc4 O-O 10. f4 Kh8 11. g4 Qh4+ 12. Kf1 Bxg4 13. Qc2 f5 14. Be2 Nd7 15.
Bxg4 Qxg4 16. Qd1 Qg6 17. h4 Nf6 18. Nh3 Ng4 19. Qb3 b5 20. Ng5 Be7 21. h5 Qf6
22. Ne6 Rfc8 23. Ke2 a5 24. Ng5 a4 25. Qf7 Qxf7 26. Nxf7+ Kg8 27. Ne5 Nxe5 28.
dxe5 h6 29. Rag1 a3 30. b3 c5 31. Rg6 Bf8 32. Rhg1 Kh7 33. e6 Re8 34. c4 b4 35.
Be1 Ra7 36. Kf2 Rae7 37. Ke2 Rxe6 38. Rxe6 Rxe6 39. Bh4 Rd6 40. Rd1 Rxd1 41.
Kxd1 Kg8 42. Bd8 Kf7 43. Bc7 1/2-1/2

[Event "AUTO-ADV-4931"]
[Site "http://www.queenalice.com/game.php?id=1872136"]
[Date "2026.4.17"]
[Round "1"]
[White "Capixabba789"]
[Black "Daniel1962"]
[Result "0-1"]
[WhiteElo "1911"]
[BlackElo "1732"]

1. d4 d5 2. Nc3 e6 3. f4 Bd6 4. Nf3 Nf6 5. e3 c5 6. Be2 c4 7. O-O Nc6 8. Ne5
Bxe5 9. fxe5 Ne4 10. Nxe4 dxe4 11. Bxc4 Bd7 12. Qh5 g6 13. Qh6 Qe7 14. Qg7 O-O-O
15. Rxf7 Qb4 16. c3 Qxc4 17. a4 Na5 18. Rxd7 Rxd7 19. Qxh8+ Kc7 20. Qf6 Nb3 21.
Ra3 Nxc1 22. h3 Qe2 23. Qxe6 Qxe3+ 24. Kh2 Ne2 25. Qc4+ Kd8 26. Ra1 Qg3+ 27. Kh1
Nf4 28. Qg8+ Kc7 29. Qc4+ Kd8 30. Qg8+ Ke7 31. Qxh7+ Ke6 32. Qg8+ Ke7 33. Qg7+
Ke6 34. Qg8+ Kf5 35. Qf8+ Ke6 36. Qf6+ Kd5 37. c4+ Kxc4 38. Rg1 Rh7 39. Rc1+
Kxd4 40. Qd6+ Ke3 41. Qc5+ Ke2 42. Qc4+ Nd3 43. Qxe4+ Kd2 0-1

[Event "AUTO-ADV-4931"]
[Site "http://www.queenalice.com/game.php?id=1872137"]
[Date "2026.4.17"]
[Round "1"]
[White "Daniel1962"]
[Black "WHUSIRO"]
[Result "0-1"]
[WhiteElo "1745"]
[BlackElo "1841"]

1. Nc3 Nf6 2. Nf3 g6 3. e4 d6 4. Bc4 Bg7 5. Ng5 e6 6. f4 h6 7. e5 hxg5 8. exf6
Bxf6 9. fxg5 Bxg5 10. Qf3 Nc6 11. Bb5 Bd7 12. Ne4 Be7 13. d3 a6 14. Bxc6 Bxc6
15. Bd2 f5 16. Bc3 Rf8 17. h4 fxe4 18. Qe3 exd3 19. Qxd3 Rg8 20. g4 Bxh4+ 21.
Kd2 Bxh1 22. Rxh1 Qg5+ 23. Qe3 Qxe3+ 24. Kxe3 g5 25. a4 Rf8 26. b4 Kd7 27. Bd4
e5 28. Bc3 Rf7 29. Be1 Rh8 30. b5 Rfh7 31. bxa6 bxa6 32. c4 Bxe1 33. Rxe1 Rb8
34. Rf1 Ke7 35. a5 Rb3+ 36. Ke4 Rf7 37. Rh1 Ra3 38. Rh5 Rf4+ 39. Kd5 Rxa5+ 40.
Kc6 Rc5+ 41. Kb7 Rxg4 42. Kxa6 Rcxc4 43. Kb7 Ke6 44. Rh1 c5 45. Kc6 Rcd4 0-1

[Event "AUTO-ADV-4931"]
[Site "http://www.queenalice.com/game.php?id=1872138"]
[Date "2026.4.17"]
[Round "1"]
[White "WHUSIRO"]
[Black "Daniel1962"]
[Result "0-1"]
[WhiteElo "1901"]
[BlackElo "1720"]

1. e4 e6 2. d4 c6 3. Nf3 Nf6 4. Bd3 Be7 5. c4 d5 6. cxd5 cxd5 7. e5 Ne4 8. Nbd2
Nxd2 9. Bxd2 Bd7 10. a3 Nc6 11. O-O Qb6 12. Bc3 O-O 13. Qc2 g6 14. b4 f5 15. Bd2
Nxd4 16. Nxd4 Qxd4 17. Bc3 Qg4 18. Be2 Qe4 19. Bd3 Qh4 20. Bd4 Qxd4 0-1

[Event "AUTO-ADV-4934"]
[Site "http://www.queenalice.com/game.php?id=1872872"]
[Date "2026.5.3"]
[Round "1"]
[White "Daniel1962"]
[Black "chessman"]
[Result "0-1"]
[WhiteElo "1749"]
[BlackElo "2047"]

1. g4 d5 2. Bg2 Bxg4 3. h3 Bf5 4. d3 Nf6 5. Nf3 e6 6. Bg5 Bd6 7. Nc3 h6 8. Bxf6
gxf6 9. Nd4 Bg6 10. e4 dxe4 11. Bxe4 c6 12. Bxg6 fxg6 13. Nxe6 Qe7 14. Qg4 Kf7
15. O-O-O Qxe6 16. Qxe6+ Kxe6 17. Rhg1 g5 18. Ne4 Nd7 19. Rde1 Be5 20. d4 Bf4+
21. Kb1 Kd5 22. c3 f5 23. Nc5 Nxc5 24. dxc5 Kxc5 25. Re7 b5 26. Rge1 Kb6 27.
R1e6 Rad8 28. Rf6 Rd1+ 29. Kc2 Rd2+ 30. Kb3 a5 31. Ree6 Rc8 32. Rxf5 a4+ 33. Ka3
Bd6+ 34. b4 axb3+ 35. Kxb3 Ra8 36. Rxd6 Rxd6 37. f4 gxf4 38. Rxf4 c5 39. a3 c4+
40. Kc2 Rxa3 41. Rf1 Ra2+ 42. Kb1 Rdd2 43. Rf6+ Ka5 44. Rxh6 Ka4 45. h4 Kb3 46.
Rb6 Rd1# 0-1

[Event "AUTO-ADV-4934"]
[Site "http://www.queenalice.com/game.php?id=1872873"]
[Date "2026.5.3"]
[Round "1"]
[White "chessman"]
[Black "Daniel1962"]
[Result "1-0"]
[WhiteElo "2106"]
[BlackElo "1751"]

1. e4 e6 2. d4 c6 3. Bd3 Nf6 4. c3 d5 5. e5 Nfd7 6. f4 Be7 7. Nf3 h6 8. O-O c5
9. a3 c4 10. Bc2 Nc6 11. f5 exf5 12. Bxf5 Na5 13. e6 fxe6 14. Bg6+ Kf8 15. Ng5+
Bf6 16. Nxe6+ Ke7 17. Nxd8 Kxd8 18. Nd2 Nf8 19. Bf5 Bxf5 20. Rxf5 Nd7 21. Nf3 g6
22. Rxd5 Nb3 23. Rb1 g5 24. Ne5 Bxe5 25. dxe5 Re8 26. Rxd7+ Kc8 27. Qd6 1-0

[Event "AUTO-ADV-4934"]
[Site "http://www.queenalice.com/game.php?id=1872874"]
[Date "2026.5.3"]
[Round "1"]
[White "Daniel1962"]
[Black "mvson33"]
[Result "1/2-1/2"]
[WhiteElo "1817"]
[BlackElo "1808"]

1. e4 e5 2. Nf3 Nc6 3. Bc4 Bc5 4. d3 Nf6 5. h3 O-O 6. Nc3 d6 7. Nd5 Nxd5 8. Bxd5
Bd7 9. O-O Ne7 10. Bg5 Kh8 11. Bxb7 Rb8 12. Bxe7 Qxe7 13. Bd5 Be6 14. Bxe6 Qxe6
15. b3 f5 16. exf5 Qxf5 17. Qd2 Qf4 18. Qa5 Bb6 19. Qd5 h6 20. c4 Qf7 21. Qxf7
Rxf7 22. Nh4 Rbf8 23. Ng6+ Kg8 24. Nxf8 Rxf8 25. a4 a6 26. b4 Bd4 27. b5 axb5
28. Ra2 bxa4 29. Rxa4 Bb6 30. Raa1 Bd4 31. Rac1 Ra8 32. Kh2 Ra3 33. Rcd1 Ra2 34.
f4 Ra3 35. fxe5 Bxe5+ 36. Kg1 Bf6 37. d4 Rc3 38. c5 dxc5 39. dxc5 Rxc5 40. Rf3
Rc3 41. Rxc3 Bxc3 42. Rc1 Bd4+ 43. Kh1 c5 44. g4 Kf7 45. Re1 Kf6 46. Kg2 Kg5 47.
Kg3 Kf6 48. h4 g6 49. h5 gxh5 50. gxh5 Kg5 51. Rh1 c4 52. Kf3 c3 53. Ke2 Kg4 54.
Kd3 Bh8 55. Kc2 1/2-1/2

[Event "AUTO-OPEN-4653"]
[Site "http://www.queenalice.com/game.php?id=1873626"]
[Date "2026.5.21"]
[Round "1"]
[White "Daniel1962"]
[Black "bdpq"]
[Result "1-0"]
[WhiteElo "1777"]
[BlackElo "1657"]

1. Nf3 d5 2. Nc3 e6 3. d4 Bb4 4. Bd2 Nf6 5. e3 Bxc3 6. Bxc3 O-O 7. Bd3 c6 8. Ng5
g6 9. f4 b5 10. Bb4 Na6 11. a3 Nxb4 12. axb4 e5 13. dxe5 Ne4 14. Nxe4 Bf5 15.
Nd6 Bxd3 16. Qxd3 f6 17. Nb7 Qc7 18. Nc5 f5 19. Ne6 Qe7 20. Nxf8 Rxf8 21. Qd4
Ra8 22. Ra6 Qb7 23. Ra1 Qe7 24. b3 Qd7 25. c4 bxc4 26. bxc4 a6 27. b5 cxb5 28.
cxd5 Qd8 29. e6 Rc8 30. O-O Rc4 31. Qe5 Re4 32. Qc3 Qxd5 33. Qc8+ Kg7 34. Qd7+
Qxd7 35. exd7 1-0

[Event "AUTO-ADV-4937"]
[Site "http://www.queenalice.com/game.php?id=1873676"]
[Date "2026.5.21"]
[Round "1"]
[White "dosoldini"]
[Black "Daniel1962"]
[Result "0-1"]
[WhiteElo "1623"]
[BlackElo "1757"]

1. e4 e5 2. Bc4 Nc6 3. c3 Bc5 4. Nf3 h6 5. O-O d6 6. d3 Nf6 7. Be3 Bxe3 8. fxe3
Ng4 9. h3 Nxe3 10. Qb3 Nxc4 11. Qxc4 a6 12. d4 exd4 13. Ng5 Qxg5 14. Qxf7+ Kd8
15. Qf3 Ne5 16. Qe2 Bxh3 17. Kh2 Be6 18. Qf2 Ng4+ 0-1

[Event "AUTO-ADV-4937"]
[Site "http://www.queenalice.com/game.php?id=1873677"]
[Date "2026.5.21"]
[Round "1"]
[White "Daniel1962"]
[Black "dosoldini"]
[Result "1-0"]
[WhiteElo "1768"]
[BlackElo "1591"]

1. b3 d5 2. Bb2 d4 3. d3 Nc6 4. Nf3 h6 5. Na3 e6 6. Nb5 a6 7. Nbxd4 Bd7 8. Qc1
Nf6 9. Nxc6 Bxc6 10. Ne5 Bd6 11. Nxc6 bxc6 12. g3 Bc5 13. e3 Qd5 14. e4 Nxe4 15.
dxe4 Bb4+ 16. c3 Qxe4+ 17. Qe3 Qxh1 18. cxb4 O-O 19. O-O-O Rad8 20. Rxd8 Qxf1+
21. Rd1 Qb5 22. Qc3 Qg5+ 23. Kb1 1-0

[Event "AUTO-ADV-4937"]
[Site "http://www.queenalice.com/game.php?id=1873696"]
[Date "2026.5.21"]
[Round "1"]
[White "Daniel1962"]
[Black "bdpq"]
[Result "1-0"]
[WhiteElo "1732"]
[BlackElo "1661"]

1. b3 d5 2. Bb2 e6 3. Nf3 Bc5 4. Bxg7 Bf8 5. Bxh8 Nf6 6. e3 Bd7 7. Ne5 Nc6 8.
Nxc6 Bxc6 9. Qf3 Qe7 10. Bxf6 Qd6 11. Bd3 d4 12. Qg3 Qxg3 13. hxg3 Be7 14. Bxd4
Bxg2 15. Rxh7 Kd7 16. Rxf7 c6 17. Bc5 Re8 18. Bxe7 Rxe7 19. Rxe7+ Kxe7 20. Nc3
Bf3 21. Be2 Bxe2 22. Nxe2 1-0

[Event "AUTO-ADV-4937"]
[Site "http://www.queenalice.com/game.php?id=1873697"]
[Date "2026.5.21"]
[Round "1"]
[White "bdpq"]
[Black "Daniel1962"]
[Result "0-1"]
[WhiteElo "1648"]
[BlackElo "1745"]

1. e4 e6 2. d4 Nf6 3. e5 Ne4 4. Bd3 Ng5 5. Nf3 Nxf3+ 6. Qxf3 Nc6 7. O-O Nxd4 8.
Qe4 Bc5 9. Nd2 d5 10. exd6 Qxd6 11. Nc4 Qe7 12. Qg4 g6 13. Bf4 h5 14. Qd1 Bd7
15. Bxc7 Bc6 16. Be5 Qg5 17. g3 f6 18. Bf4 Qd5 19. f3 Nxf3+ 20. Kg2 Ne5+ 21. Kh3
Qg2+ 22. Kh4 Qxh2# 0-1

[Event "AUTO-ADV-4938"]
[Site "http://www.queenalice.com/game.php?id=1874166"]
[Date "2026.5.30"]
[Round "1"]
[White "Daniel1962"]
[Black "Capixabba789"]
[Result "1-0"]
[WhiteElo "1788"]
[BlackElo "1836"]

1. Nf3 d5 2. g3 Nc6 3. c3 Nf6 4. Bg2 e6 5. d4 Bd6 6. Bg5 Bd7 7. Qb3 O-O 8. Bxf6
Qxf6 9. Na3 a5 10. Nb5 a4 11. Qc2 e5 12. Nxd6 cxd6 13. dxe5 dxe5 14. O-O e4 15.
Nd4 Nxd4 16. cxd4 Qxd4 17. Rfd1 Qe5 18. e3 Bc6 19. a3 f5 20. b4 Rfc8 21. Rdc1
Bd7 22. Qe2 g5 23. Qh5 Qf6 24. Rxc8+ Rxc8 25. Rd1 Bb5 26. Bf1 g4 27. Bxb5 Qe6
28. Bxa4 Rc7 29. Qg5+ Rg7 30. Qd8+ Kf7 31. Rxd5 1-0

[Event "AUTO-ADV-4938"]
[Site "http://www.queenalice.com/game.php?id=1874167"]
[Date "2026.5.30"]
[Round "1"]
[White "Capixabba789"]
[Black "Daniel1962"]
[Result "0-1"]
[WhiteElo "1812"]
[BlackElo "1803"]

1. d4 d5 2. Nc3 c6 3. f4 Bf5 4. Nf3 Nd7 5. e3 Ngf6 6. Bd3 Bxd3 7. cxd3 h6 8. O-O
e6 9. Ne5 Nxe5 10. fxe5 Nd7 11. Rxf7 Kxf7 12. Qh5+ g6 13. Qh3 g5 14. Bd2 Qb6 15.
Qh5+ Ke7 16. Rf1 Kd8 17. Qf7 Qxb2 18. Rd1 Kc7 19. Qxe6 Bb4 20. Nxd5+ cxd5 21.
Bxb4 Qxb4 22. Rc1+ Kd8 23. Qxd5 h5 24. e6 Qa4 25. exd7 Qxd7 26. Qxg5+ Ke8 27.
Qg6+ Ke7 28. Rf1 Raf8 29. Qg7+ Ke8 30. Qg6+ Rf7 31. Qe4+ Re7 32. Qg6+ Kd8 33.
Qg3 Rg7 34. Qb8+ Qc8 35. Qxa7 Rhg8 36. Qa5+ Kd7 37. Qf5+ Kc7 38. Qc5+ Kb8 39.
Qd6+ Rc7 40. e4 Qh3 0-1